Dune Trivia - Statistics

General Stats
  • This quiz has been taken 1,789 times
  • The average score is 15 of 20
Answer Stats
Hint Answer % Correct
Elite all-female group to which the above belongs {Bene} Gesserit
95%
Author of Dune Frank Herbert
90%
Father of Paul, head of House Atreides Duke Leto
88%
Precious resource found only on Arrakis that bestows superhuman abilities Melange
88%
Mother of Paul Lady Jessica
85%
Enormous creatures that produce and protect the above Sandworms
82%
Primary antagonist who attempts to overthrow the Atreides Vladimir Harkonnen
81%
Resource considered sacred by the Fremen due to its scarcity on Arrakis Water
81%
Complete the quote: "____ is the mind killer." Fear
80%
Fremen title adopted by Paul, meaning "desert mouse" Muad'Dib
78%
Actor who plays Paul in the 2021 film adaptation Timothée Chalamet
78%
Fremen warrior who becomes Paul's consort Chani
74%
Nomadic ethnic group on whom the Fremen are based Bedouins
72%
Musician and soldier who serves House Atreides Gurney Halleck
70%
Term for people with powerful computational abilities, such as Thufir Hawat Mentat
65%
Fremen military leader who allies with the Atreides Stilgar
64%
Term for Fremen warfare, a term borrowed from Islam Jihad
60%
Term for Fremen cave hideouts, one of which acts as a refuge for Paul Sietch
60%
British officer whose role in the Arab Revolt partially inspired Dune T.E. Lawrence
53%
Nickname of Glossu Rabban, the above's nephew who temporarily rules Arrakis "Beast"
49%
No matching quizzes found
Score Distribution
Percent of People with Each Score
Percentile by Number Answered
Your Score History
You have not taken this quiz